banner-ar

الاستنارة : (Record no. 65393)

MARC details
000 -الفاتح
حقل البيانات ثابتة الطول 01005nam a22002657a 4500
005 - وقت وتاريخ اخر تعامل مع التسجيلة
رقم الضبط 20240530110822.0
008 - عناصر البيانات ثابتة الطول - معلومات عامة
حقل البيانات ثابتة الطول 190711s2019 ua a g 000 0 ara d
017 ## - رقم الايداع القانونى
رقم الايداع القانونى 2018/26928
المصدر ( الهيئة المختصة) مصر. دار الكتب
020 ## - الرقم الدولى المعيارى للكتب
الرقم الدولى المعيارى للكتاب 9789773833546
040 ## - مصدر الفهرسة
وكالة الفهرسة الأصلية EG-CaGPL
وكالة النسخ EG-CaGPL
082 04 - رقم تصنيف ديوى العشرى
رقم الطبعة 21
رقم التصنيف 153.42 /
رقم المادة ج أ
100 1# - المدخل الرئيسى - إسم شخصى
الإسم الشخصى جوناراتان ، فين. هينيبولا
245 12 - بيان العنوان
العنوان الاستنارة :
بقية العنوان الاصول والفلسفة والتدريبات /
بيان المسئوليه,etc تأليف فين. هينيبولا جوناراتان ؛ ترجمة محمود عيد مصطفى
250 ## - بيان الطبعة
بيان الطبعة ط.1
260 ## - PUBLICATION, DISTRIBUTION, ETC. (IMPRINT)
تاريخ النشر أو التوزيع 2019 .
300 ## - الوصف المادى
التعداد 222 ص. ؛
أبعاد الوعاء 24 سم.
650 07 - المدخل الاضافى بالموضوع-مصطلح موضوعى
مصدر الرأس أو المصطلح qrmak
مصطلح موضوعي الادراك
650 07 - المدخل الاضافى بالموضوع-مصطلح موضوعى
مصطلح موضوعي التركيز
650 07 - المدخل الاضافى بالموضوع-مصطلح موضوعى
مصطلح موضوعي الاستنارة
650 07 - المدخل الاضافى بالموضوع-مصطلح موضوعى
مصطلح موضوعي اليقظة
650 07 - المدخل الاضافى بالموضوع-مصطلح موضوعى
مصطلح موضوعي الشعور
700 0# - المدخل الاضافى - اسم شخصى
الإسم الشخصى ماجدة مخلوف
الدور مترجم
942 ## - عناصر المدخل الإضافي( كوها)
مصدر التصنيف او مخطط الترفيف Dewey Decimal Classification
Koha [default] item type كتاب
260 ## - PUBLICATION, DISTRIBUTION, ETC. (IMPRINT)
-- القاهرة :
-- ايتراك للطباعة و النشر و التوزيع،
Holdings
حالة التراجع حالة الفقد حالة تلف ليس للاعارة المكان المؤقت الموقع الحالى موقع الترفيف تاريخ الاكتساب اجمالي اﻻعارات رقم الطلب الباركود تاريخ اخر مشاهدة تاريخ تفعيل السعر نوع وعاء كوها
        مكتبة القاهرة الكبرى مكتبة القاهرة الكبرى القاعة الرئيسية 07/20/2019   153.42 / ج أ 166200 07/20/2019 07/20/2019 كتاب

Powered By

EGPV